000 00656cam a22002293a 4500
001 304
003 PGUSA
005 20140828082946.0
008 950801s1995||||xxu|||||s|||||000 p eng d
040 _aPGUSA
_beng
042 _adc
050 4 _aPR
100 1 _aPaterson, A. B.
_q(Andrew Barton),
_d1864-1941
245 1 0 _aRio Grande's Last Race, and Other Verses
_h[electronic resource] /
_cA. B. Paterson
260 _bProject Gutenberg,
_c1995
506 _aPublic domain in the USA.
516 _aElectronic text
653 _aAustralian poetry
830 0 _aProject Gutenberg
_v304
856 4 0 _uhttp://www.gutenberg.org/ebooks/304
942 _cEB
999 _c229655
_d229655